[Event "Metz op 26th"]
[Site "Metz"]
[Date "2008.04.27"]
[Round "9"]
[White "Baillard, Marc"]
[Black "Baillot, Justin"]
[Result "0-1"]
[WhiteElo "1919"]
[BlackElo "1989"]
[PlyCount "72"]
[EventDate "2008.04.19"]
[EventType "swiss"]
[EventRounds "9"]
[EventCountry "FRA"]
[SourceTitle "CBM 123 Extra"]
[Source "ChessBase"]
[SourceDate "2008.05.06"]
[SourceVersion "1"]
[SourceVersionDate "2008.05.06"]
[SourceQuality "1"]

1. d4 Nf6 2. c4 c5 3. d5 e6 4. Nc3 exd5 5. cxd5 d6 6. e4 g6 7. h3 Bg7 8. Bf4 0-0 9. Be2 b5 10. Qc2 a6 11. Nf3 Re8 12. Nd2 b4 13. Nd1 Ra7 14. 0-0 Nxd5 15. exd5 Rxe2 16. Ne3 a5 17. Nec4 Ba6 18. Rae1 Bxc4 19. Qxc4 Rxe1 20. Rxe1 Re7 21. Ne4 Bxb2 22. Bxd6 Rxe4 23. Qxe4 Qxd6 24. Qe8+ Kg7 25. Re7 Qf6 26. Re3 Qd6 27. Re7 Qf4 28. Re3 Bf6 29. Rf3 Qc7 30. Rd3 Qd6 31. Qb5 Bd8 32. Qe8 c4 33. Rd4 c3 34. Qe4 Nd7 35. Qd3 Bf6 36. Re4 Nc5 0-1

[Event "Metz op 26th"]
[Site "Metz"]
[Date "2008.04.26"]
[Round "8"]
[White "Baillot, Justin"]
[Black "Bauer, Christian"]
[Result "0-1"]
[WhiteElo "1989"]
[BlackElo "2619"]
[PlyCount "81"]
[EventDate "2008.04.19"]
[EventType "swiss"]
[EventRounds "9"]
[EventCountry "FRA"]
[SourceTitle "CBM 123 Extra"]
[Source "ChessBase"]
[SourceDate "2008.05.06"]
[SourceVersion "1"]
[SourceVersionDate "2008.05.06"]
[SourceQuality "1"]

1. d4 Nf6 2. Bg5 d5 3. Bxf6 gxf6 4. e3 c5 5. c3 e5 6. Nf3 Nc6 7. Qb3 a6 8. a4 Be6 9. Nbd2 c4 10. Qc2 b5 11. axb5 axb5 12. Rxa8 Qxa8 13. Be2 e4 14. Nh4 f5 15. g3 b4 16. 0-0 Be7 17. Ng2 Qa2 18. Qb1 Qxb1 19. Rxb1 Kd7 20. Nf4 Bd6 21. Ra1 Rb8 22. Ra2 Kc7 23. Kf1 Rb6 24. Nxe4 dxe4 25. d5 Bxf4 26. dxe6 Bd6 27. exf7 Ne5 28. Ra5 Nd3 29. Rxf5 Nxb2 30. cxb4 c3 31. Rd5 Bxb4 32. Bd1 Nxd1 33. Rxd1 Ba3 34. Rc1 Rc6 35. Rc2 Kd7 36. Ke2 Ke7 37. f3 exf3+ 38. Kxf3 Bb2 39. Ke2 Rd6 40. Ke1 Kxf7 41. Ke2 0-1

[Event "Metz op 26th"]
[Site "Metz"]
[Date "2008.04.21"]
[Round "3"]
[White "Ezratti, Andre"]
[Black "Baillot, Justin"]
[Result "0-1"]
[WhiteElo "1809"]
[BlackElo "1989"]
[PlyCount "46"]
[EventDate "2008.04.19"]
[EventType "swiss"]
[EventRounds "9"]
[EventCountry "FRA"]
[SourceTitle "CBM 123 Extra"]
[Source "ChessBase"]
[SourceDate "2008.05.06"]
[SourceVersion "1"]
[SourceVersionDate "2008.05.06"]
[SourceQuality "1"]

1. Nc3 d5 2. e4 dxe4 3. Nxe4 Nf6 4. Ng3 e5 5. d3 Nc6 6. Nf3 Bg4 7. Be2 Qd7 8. h3 Be6 9. 0-0 h6 10. Ne4 0-0-0 11. Be3 Nd5 12. Qc1 f5 13. Nc5 Bxc5 14. Bxc5 g5 15. Re1 b6 16. Be3 f4 17. Bd2 g4 18. c4 gxf3 19. Bxf3 Ndb4 20. Be4 Nxd3 21. Bxc6 Qxc6 22. Qd1 Rhg8 23. Qb3 Qxg2# 0-1